000 00408nam a22001577a 4500
999 _c7868
_d7868
003 OSt
005 20200527132441.0
008 200527b ||||| |||| 00| 0 eng d
020 _a9780500514993
082 _a712.0922
_bHAR
100 _aHargreaves, George
245 _aHargreaves : the alchemy of landscape architecture
250 _aNew ed. edition
260 _aUK
_bThames & Hudson
_c2009
942 _2ddc